TextBook Of Production Engineering (Record no. 295353)

MARC details
000 -LEADER
fixed length control field 00401nam a2200157Ia 4500
008 - FIXED-LENGTH DATA ELEMENTS--GENERAL INFORMATION
fixed length control field 230718s9999 xx 000 0 und d
041 ## - LANGUAGE CODE
Language code of text/sound track or separate title eng
082 ## - DEWEY DECIMAL CLASSIFICATION NUMBER
Classification number 670
Item number SHA
100 ## - MAIN ENTRY--PERSONAL NAME
Personal name Sharma P.C.
9 (RLIN) 159163
245 ## - TITLE STATEMENT
Title TextBook Of Production Engineering
260 ## - PUBLICATION, DISTRIBUTION, ETC. (IMPRINT)
Date of publication, distribution, etc. 1986
Name of publisher, distributor, etc. S.Chand And Company Ltd.
300 ## - PHYSICAL DESCRIPTION
Extent 669
365 ## - TRADE PRICE
Currency code Rs.
700 ## - ADDED ENTRY--PERSONAL NAME
Personal name Sharma P.C.
9 (RLIN) 159163
906 ## - LOCAL DATA ELEMENT F, LDF (RLIN)
d B:15-May-1996
c INST
Holdings
Withdrawn status Lost status Damaged status Not for loan Home library Current library Date acquired Vendor Budget Code Total Checkouts Full call number Barcode Date last seen Bill Date Koha item type Original Barcode
        Cummins College of Engineering for Women Pune Cummins College of Engineering for Women Pune 03/07/1996 S R Rathi INST   670 CCEP-BK-6558 18/07/2023 15/05/1996 Books 006558